000 00738nam a2200205 i 4500
003 DO-SdBNP
005 20230414105231.0
007 ta
008 230414b2010 dr ||||| |||| 00| 0 spa d
040 _aDO-SdBNP
_bspa
_cBNPHU
_erda
082 4 _222
245 0 0 _aConstitución de la República Dominicana :
_bpromulgada el 26 de enero del 2010 por la asamblea nacional de la República Dominicana, publicada en la gaceta oficial no. 10561, del 26 de enero de 2010.
264 _aSanto Domingo :
_bSenado de la República,
_c2010.
300 _a164 p. ;
_c15 cm.
490 0 _aEducativa
_v1
500 _aIncluye índices de títulos, capítulos y secciones.
590 _aInventariado, 2023/BT
910 _aBtavárez
942 _2ddc
_cLBS1
999 _c53257
_d53257